| 000 | 00672nam a2200205 a 4500 | ||
|---|---|---|---|
| 001 | 000012098 | ||
| 005 | 20200929162708.0 | ||
| 008 | 091104s1980 mx 001 0 spa d | ||
| 020 | _a9682401909 | ||
| 040 |
_aDO-SdBNP _bspa _cBNPHU |
||
| 082 |
_a411 _bG585c, 1980 |
||
| 100 | 1 |
_aGodínez de la Barrera, Gonzalo _928580 |
|
| 245 | 1 | 0 |
_aCurso programado de ortografía / _cGonzalo Godínez de la Barrera ; prologuista, José Huerta Ibarra. |
| 250 | _a4a ed. ; 1a reimp. 1980 | ||
| 260 |
_aMéxico : _bTrillas, _c1980. |
||
| 300 |
_a126 p. : _bil. ; _c23 cm. |
||
| 650 | 4 |
_aOrtografía _xEnseñanza _99599 |
|
| 700 | 1 |
_aHuerta Ibarra, José, _epról. _928581 |
|
| 049 | _aBNGR | ||
| 999 |
_c11763 _d11763 |
||